| 000 | 01136na a2200337 4500 | ||
|---|---|---|---|
| 001 | 14691 | ||
| 003 | MIRAKIL | ||
| 005 | 20181213155222.0 | ||
| 008 | 160830b tu 000 0 | ||
| 020 | _a9786056163012 | ||
| 035 | _a14691 | ||
| 040 |
_aMilas _btur _cTR-AnCHP |
||
| 082 |
_a324.9 2011 _bT85s 2011 |
||
| 090 | _a324.9 2011 T85s 2011 | ||
| 100 | _aTuncer, Erol | ||
| 245 |
_aSeçim 2011 _b12 Haziran 2011 milletvekili genel seçimleri : sayısal ve siyasal değerlendirme _cErol Tuncer |
||
| 246 | _a2011 seçimleri | ||
| 246 | _a12 Haziran 2011 milletvekili genel seçimleri | ||
| 260 |
_aAnkara _bTESAV _c2011 |
||
| 300 |
_axvi, 360 s. _bgrf., hrt., tbl. _c27 sm. |
||
| 490 |
_aTESAV yayınları _v37 |
||
| 504 | _aKaynakça var. | ||
| 650 |
_aSiyasal tarih _y2011-2015 _zTürkiye |
||
| 650 |
_aSiyasal partiler _x2011-2015 _zTürkiye |
||
| 650 |
_aHükümetler _x2011-2015 _zTürkiye |
||
| 650 |
_aTBMM _x24. Dönem _y2011-2015 |
||
| 650 |
_aSeçimler _yİstatistikler _zTürkiye |
||
| 651 |
_aTürkiye _xSeçimler _yGenel seçimler, 2011 |
||
| 651 |
_aTürkiye _xSiyaset ve yönetim _y2011-2015 |
||
| 942 |
_2ddc _cBKS |
||
| 999 |
_c8713 _d8713 |
||